| 000 | 00600cam a2200205 4500 | ||
|---|---|---|---|
| 001 | D15735 | ||
| 008 | 090401t1984 xxu||||| |||| 00| 0 eng d | ||
| 035 | _a(Sirsi) u24864 | ||
| 041 | _aeng | ||
| 050 | _a624.05 | ||
| 110 |
_aRoyal Institution of Chartered Surveyors _94900 |
||
| 245 | _aNorth Sea giants. One-day conference [at] RICS Westminister Centre, 21 June 1984 | ||
| 260 |
_aLondon _bSurveyors` Technical Services _c1984 |
||
| 300 | _a5 papers | ||
| 350 | _a0 | ||
| 520 | _aFiled in box RICS 1984/19 ABC | ||
| 710 | _aQuantity Surveyors` Division | ||
| 942 | _n0 | ||
| 948 | _c04/03/1997 | ||
| 999 |
_c88626 _d88626 |
||